000 00467pab a2200157 454500
008 180718b1989 xxu||||| |||| 00| 0 eng d
100 _aBurudett, Kenneth
245 _aUnemployment insurance and short - time compensation
_bThe effects on payoffs, hours per worker, and wages
260 _c1989
300 _a1479-96
362 _aDec.
650 _aInsurance, Unemployment
700 _aRandall Wright
773 _aJournal of Political Economy
909 _a11107
999 _c11107
_d11107